000 01248cam a2200349 a 4500
001 data
005 20260322212110.0
008 data
906 _a0
_bcbc
_cpremunv
_d3
_encip
_f19
_gy-gencatlg
925 0 _aacquire
_b1 shelf copy
_xpolicy default
010 _a 2023661199
035 _a(OCoLC)416274452
040 _aLOA
_beng
_cLOA
_dDLC
_dOCLCO
_dOCLCQ
_dOCLCO
_dLOA
_dOCLCL
_dOCLCQ
_dDLC
042 _alccopycat
050 0 0 _aBV2060
_b.Y69 1881
100 1 _aYoung, R.
_q(Robert)
245 1 0 _aModern missions :
_btheir trials and triumphs /
_cby Robert Young ; introduction by James H. Wilson
260 _aLondon :
_bMarshall Japp & Co,
_c1881.
300 _axii, 406 p. :
_billus., maps ;
_c19 cm.
336 _atext
_btxt
_2rdacontent
337 _aunmediated
_bn
_2rdamedia
338 _avolume
_bnc
_2rdacarrier
500 _aIncludes index.
505 0 _aIntro. -- India -- Burmah -- China -- Japan -- South Africa -- W. Africa -- C. Africa -- Madagascar -- E. Polynesia -- C. Polynesia -- Melanesia.
650 0 _aMissions
_xHistory.
650 0 _aMissions.
650 6 _aMissions
_xHistoire.
650 7 _aMissions.
_2fast
655 7 _aHistory.
_2fast
999 _c1647
_d1647